<?xml version='1.0' encoding='UTF-8'?>
  <record xmlns="http://www.loc.gov/MARC21/slim">
    <leader>00000ctm a22000007i 4500</leader>
    <controlfield tag="001">ocn965419894</controlfield>
    <controlfield tag="003">OCoLC</controlfield>
    <controlfield tag="005">20260126051031.6</controlfield>
    <controlfield tag="008">110331s1500    ne            00| 0 lat d</controlfield>
    <datafield tag="040" ind1=" " ind2=" ">
      <subfield code="a">QGJ</subfield>
      <subfield code="b">dut</subfield>
      <subfield code="c">QGJ</subfield>
      <subfield code="d">QGJ</subfield>
      <subfield code="d">OCLCL</subfield>
      <subfield code="d">OCLCQ</subfield>
    </datafield>
    <datafield tag="035" ind1=" " ind2=" ">
      <subfield code="a">(OCoLC)965419894</subfield>
    </datafield>
    <datafield tag="245" ind1="0" ind2="0">
      <subfield code="a">Een- en meerstemmige gezangen, merendeels afkomstig uit de kring van de Moderne Devotie :</subfield>
      <subfield code="b">verzamelhandschrift</subfield>
      <subfield code="h">[muziekhandschrift]</subfield>
      <subfield code="f">UBU Hs. 16 H 34.</subfield>
    </datafield>
    <datafield tag="260" ind1=" " ind2=" ">
      <subfield code="a">[IJsselvallei],</subfield>
      <subfield code="c">[ca. 1500]</subfield>
    </datafield>
    <datafield tag="300" ind1=" " ind2=" ">
      <subfield code="a">Partituren (139 fol.) ;</subfield>
      <subfield code="c">147 x 108 (125 x 78) mm.</subfield>
    </datafield>
    <datafield tag="336" ind1=" " ind2=" ">
      <subfield code="a">text</subfield>
      <subfield code="b">txt</subfield>
      <subfield code="2">rdacontent</subfield>
    </datafield>
    <datafield tag="337" ind1=" " ind2=" ">
      <subfield code="a">unmediated</subfield>
      <subfield code="b">n</subfield>
      <subfield code="2">rdamedia</subfield>
    </datafield>
    <datafield tag="338" ind1=" " ind2=" ">
      <subfield code="a">volume</subfield>
      <subfield code="b">nc</subfield>
      <subfield code="2">rdacarrier</subfield>
    </datafield>
    <datafield tag="340" ind1=" " ind2=" ">
      <subfield code="a">papier</subfield>
      <subfield code="k">littera cursiva, littera hybrida.</subfield>
    </datafield>
    <datafield tag="500" ind1=" " ind2=" ">
      <subfield code="a">Gefingeerde titel.</subfield>
    </datafield>
    <datafield tag="500" ind1=" " ind2=" ">
      <subfield code="a">Verouderd signatuur: B 113.</subfield>
    </datafield>
    <datafield tag="500" ind1=" " ind2=" ">
      <subfield code="a">Samengesteld uit oorspronkelijk tien afzonderlijke boekjes, die zijn samengevoegd tot negen katernen.</subfield>
    </datafield>
    <datafield tag="500" ind1=" " ind2=" ">
      <subfield code="a">Bevat: Aanwijzingen voor het zingen van psalmen, sequenten e.a. (fol. 1-18). Preken (fol. 19-40). Een- en tweestemmige Marialiederen en antifonen ter ere van Maria (fol. 41-54). Tweestemmige, Latijnse gezangen (fol. 55-78). Teksten zonder muziek (fol. 79-85). Gezangen, Sanctustropen (fol. 91-104). Hymnen, sequenten e.a. (fol. 105-121). Responsoria (fol. 122-138).</subfield>
    </datafield>
    <datafield tag="500" ind1=" " ind2=" ">
      <subfield code="a">Blanco pagina's: 2r-v, 3v, 15r, 16r-17v, 21r-v, 23r-v, 25r-v, 27r-27v, 29v, 32r-v, 34r-34v, 36r-36v, 38r-38v, 40r, 67r, 68r-70v, 77r, 85r-90v, 94r-97r, 99v-104v, 105v, 106v-107v, 108v-110v, 111v-112v, 114v-121r, 138r, 139r-v.</subfield>
    </datafield>
    <datafield tag="500" ind1=" " ind2=" ">
      <subfield code="a">Per pagina, voorzover het muzieknotaties betreft, 5 à 12 notenbalken van vier lijnen, of 2 à 6 notenbalken van vijf lijnen.</subfield>
    </datafield>
    <datafield tag="500" ind1=" " ind2=" ">
      <subfield code="a">Datering gebaseerd op aantekening op fol. 84v: Deo gratias 1500.</subfield>
    </datafield>
    <datafield tag="500" ind1=" " ind2=" ">
      <subfield code="a">Voor facsimile-uitgave zie: Utrecht, Universiteitsbibliotheek, Hs. 16 H 34 / vorbereitet von Ulrike Hascher-Burger. - Ottawa : The Institute of Mediaeval Music, 2004.</subfield>
    </datafield>
    <datafield tag="500" ind1=" " ind2=" ">
      <subfield code="a">Voor editie zie: Gesungene Innigkeit : Studien zu einer Musikhandschrift der Devotio moderna (Utrecht, Universiteitsbibliotheek, ms. 16 H 34, olim B 113) : mit einer Edition der Gesänge / door Ulrike Hascher-Burger [proefschrift en handelseditie].</subfield>
    </datafield>
    <datafield tag="524" ind1=" " ind2=" ">
      <subfield code="a">Te citeren als: Universiteitsbibliotheek Utrecht Hs. 16 H 34.</subfield>
    </datafield>
    <datafield tag="563" ind1=" " ind2=" ">
      <subfield code="a">Perkamenten band.</subfield>
    </datafield>
    <datafield tag="581" ind1=" " ind2=" ">
      <subfield code="a">U. Hascher-Burger, 'Zwischen Apokalypse und Hohemlied. Brautmystik in Gesängen aus der Devotio Moderna', In: Ons geestelijk erf 72 (1998), p. 246-261. P. 247.</subfield>
    </datafield>
    <datafield tag="581" ind1=" " ind2=" ">
      <subfield code="a">U. Hascher-Burger, 'De zingende nachtegaal. De rol van de moderne devotie binnen de overlevering van een passiemeditatie op muziek', In: Geen povere schoonheid. Laat-middeleeuwse kunst in verband met de moderne devotie (2000), (kopie), p. 137, 140, 143, 144, 146.</subfield>
    </datafield>
    <datafield tag="581" ind1=" " ind2=" ">
      <subfield code="a">M. de Bruin &amp; J. Oosterman (samenst.), Repertorium van het Nederlandse lied tot 1600 / Repertory of Dutch songs until 1600. 2 dl. + 1 cd-rom. Gent 2001. (= Studies op het gebied van de cultuur in de Nederlanden 4). P. 760, passim.</subfield>
    </datafield>
    <datafield tag="581" ind1=" " ind2=" ">
      <subfield code="a">U. Hascher-Burger, Gesungene Innigkeit. Studien zu einer Musikhandschrift der Devotio moderna (Utrecht Universiteitsbibliotheek, ms. 16 H 34, olim B 113). Mit einer Edition der Gesänge. Leiden 2002. Ook verschenen als dissertatie Utrecht. (= Studies in the history of Christian thought 106).</subfield>
    </datafield>
    <datafield tag="581" ind1=" " ind2=" ">
      <subfield code="a">G. Gerritsen-Geywitz, 'Die Chorbücher des Utrechter Marienkapitels aus kodikologischer sicht', in: Tijdschrift van de Koninklijke Vereniging voor Nederlandse Muziekgeschiedenis 53 (2003) 1-2, p. 277- 312. P. 300.</subfield>
    </datafield>
    <datafield tag="581" ind1=" " ind2=" ">
      <subfield code="a">I. de Loos, ""U. Hascher-Burger, Gesunge Innigkeit. Studien zu einer Musikhandschrift der Devotio moderna (Utrecht, Universiteitsbibliotheek , ms 16 H 34, olim B 113)"",. in: Tijdschrift van de Koninklijke Vereniging voor Nederlandse Muziekgeschiedenis 54 (2004) 1, p. 79-83. P. 79, passim HSS: O 20, 513.</subfield>
    </datafield>
    <datafield tag="581" ind1=" " ind2=" ">
      <subfield code="a">U. Hascher-Burger, Utrecht, Universiteitsbibliotheek, Hs. 16 H 34. Ottawa 2004.</subfield>
    </datafield>
    <datafield tag="655" ind1=" " ind2="7">
      <subfield code="a">Handschriften (vorm)</subfield>
      <subfield code="0">(NL-LeOCL)088143309.</subfield>
      <subfield code="2">gtt</subfield>
    </datafield>
    <datafield tag="700" ind1="0" ind2=" ">
      <subfield code="a">Florencius,</subfield>
      <subfield code="e">former owner.</subfield>
      <subfield code="4">fmo</subfield>
      <subfield code="5">NL-UtRU</subfield>
    </datafield>
    <datafield tag="700" ind1="1" ind2=" ">
      <subfield code="a">Muden, Nicolaus,</subfield>
      <subfield code="e">former owner.</subfield>
      <subfield code="4">fmo</subfield>
      <subfield code="5">NL-UtRU</subfield>
    </datafield>
    <datafield tag="710" ind1="2" ind2=" ">
      <subfield code="a">Fratershuis van Geert de Groote (Deventer)</subfield>
      <subfield code="e">former owner.</subfield>
      <subfield code="4">fmo</subfield>
      <subfield code="5">NL-UtRU</subfield>
    </datafield>
    <datafield tag="758" ind1=" " ind2=" ">
      <subfield code="a">UBU Hs. 16 H 34 Een- en meerstemmige gezangen, merendeels afkomstig uit de kring van de Moderne Devotie (Text)</subfield>
      <subfield code="1">https://id.oclc.org/worldcat/entity/E39PD3mRDkfgyQfCWM7Gyb6fWP</subfield>
      <subfield code="4">https://id.oclc.org/worldcat/ontology/hasWork</subfield>
    </datafield>
    <datafield tag="856" ind1="4" ind2="1">
      <subfield code="u">http://objects.library.uu.nl/reader/resolver.php?obj=002374013&amp;type=2</subfield>
      <subfield code="x">Online</subfield>
      <subfield code="z">Full Text</subfield>
    </datafield>
    <datafield tag="936" ind1=" " ind2=" ">
      <subfield code="a">BATCHLOAD</subfield>
    </datafield>
  </record>